| 000 -LEADER |
| fixed length control field |
00677nam a2200217Ia 4500 |
| 001 - CONTROL NUMBER |
| control field |
7747 |
| 003 - CONTROL NUMBER IDENTIFIER |
| control field |
GE_BSU |
| 005 - DATE AND TIME OF LATEST TRANSACTION |
| control field |
20220923124153.0 |
| 008 - FIXED-LENGTH DATA ELEMENTS--GENERAL INFORMATION |
| fixed length control field |
181216s1994en xx |||||||||||||| ||eng|| |
| 020 ## - INTERNATIONAL STANDARD BOOK NUMBER |
| International Standard Book Number |
0471515825 |
| 040 ## - CATALOGING SOURCE |
| Transcribing agency |
GE_BSU |
| 041 ## - LANGUAGE CODE |
| Language code of text/sound track or separate title |
neg |
| 080 ## - UNIVERSAL DECIMAL CLASSIFICATION NUMBER |
| Universal Decimal Classification number |
621.382 S-12 |
| 100 ## - MAIN ENTRY--PERSONAL NAME |
| Personal name |
Saadawi,Tarec N. |
| 9 (RLIN) |
14733 |
| 245 ## - TITLE STATEMENT |
| Title |
Fundamentals of Telecommunication Networks / |
| Statement of responsibility, etc. |
Tarec N. Saadawi, |
| 264 ## - PRODUCTION, PUBLICATION, DISTRIBUTION, MANUFACTURE, AND COPYRIGHT NOTICE |
| Place of production, publication, distribution, manufacture |
New York : |
| Name of producer, publisher, distributor, manufacturer |
John Wiley, |
| Date of production, publication, distribution, manufacture, or copyright notice |
1994. |
| 300 ## - PHYSICAL DESCRIPTION |
| Extent |
485 p.; |
| Dimensions |
24cm. |
| 653 ## - INDEX TERM--UNCONTROLLED |
| keyword |
Fundamentals of Telecommunication Networks |
| 653 ## - INDEX TERM--UNCONTROLLED |
| keyword |
სატელეკომუნიკაციო ქსელების საფუძვლები |
| 942 ## - ADDED ENTRY ELEMENTS (KOHA) |
| Koha item type |
წიგნი |
| Source of classification or shelving scheme |
|